Eastern Utah Libraries Catalog: Duchesne, Heber, Roosevelt, & Vernal

The wild parrots of Telegraph Hill (Record no. 76791)

MARC details
000 -LEADER
fixed length control field 02719cgm a2200637Ia 4500
001 - CONTROL NUMBER
control field ocm62083875
003 - CONTROL NUMBER IDENTIFIER
control field OCoLC
005 - DATE AND TIME OF LATEST TRANSACTION
control field 20241220130713.0
008 - FIXED-LENGTH DATA ELEMENTS--GENERAL INFORMATION
fixed length control field 051014p20052004xxu083 g vleng d
007 - PHYSICAL DESCRIPTION FIXED FIELD--GENERAL INFORMATION
fixed length control field vd cvaizq
040 ## - CATALOGING SOURCE
Original cataloging agency TEFMT
Transcribing agency TEFMT
Modifying agency RCS
-- WCM
-- MTG
-- QBX
-- RCS
-- BTCTA
-- PX0
-- DAC
-- YDXCP
-- SMP
-- UINTA
019 ## -
-- 62757024
-- 180177583
-- 191040247
020 ## - INTERNATIONAL STANDARD BOOK NUMBER
International Standard Book Number 0767085973
020 ## - INTERNATIONAL STANDARD BOOK NUMBER
International Standard Book Number 9780767085977
024 1# - OTHER STANDARD IDENTIFIER
Standard number or code 767685969335
028 42 - PUBLISHER NUMBER
Publisher number NVG-9693
Source New Video Group
029 1# - (OCLC)
OCLC library identifier QBX
System control number qbi06000381
029 1# - (OCLC)
OCLC library identifier NZ1
System control number 10743541
029 1# - (OCLC)
OCLC library identifier AU@
System control number 000041155230
035 ## - SYSTEM CONTROL NUMBER
System control number (OCoLC)62083875
Canceled/invalid control number (OCoLC)62757024
-- (OCoLC)180177583
-- (OCoLC)191040247
037 ## - SOURCE OF ACQUISITION
Source of stock number/acquisition Midwest Tapes
Note http://www.midwesttapes.com
043 ## - GEOGRAPHIC AREA CODE
Geographic area code n-us-ca
050 14 - LIBRARY OF CONGRESS CALL NUMBER
Classification number SF473.P3
Item number W55 2005
082 04 - DEWEY DECIMAL CLASSIFICATION NUMBER
Classification number 636.6/865
Edition number 22
049 ## - LOCAL HOLDINGS (OCLC)
Holding library UCLB
092 ## - LOCALLY ASSIGNED DEWEY CALL NUMBER (OCLC)
Classification number 636.68
245 04 - TITLE STATEMENT
Title The wild parrots of Telegraph Hill
Medium [videorecording] /
Statement of responsibility, etc Shadow Distribution ; a Pelican Media production ; produced, directed, filmed and edited by Judy Irving.
260 ## - PUBLICATION, DISTRIBUTION, ETC. (IMPRINT)
Place of publication, distribution, etc [S.l.] :
Name of publisher, distributor, etc Docurama ;
Place of publication, distribution, etc [New York] :
Name of publisher, distributor, etc distributed by New Video Group,
Date of publication, distribution, etc 2005, c2004.
300 ## - PHYSICAL DESCRIPTION
Extent 1 videodisc (83 min.) :
Other physical details sd., col. ;
Dimensions 4 3/4 in.
500 ## - GENERAL NOTE
General note Documentary.
538 ## - SYSTEM DETAILS NOTE
System details note DVD, region 1; Dolby Digital 5.1 surround.
511 0# - PARTICIPANT OR PERFORMER NOTE
Participant or performer note Featuring Mark Bittner.
508 ## - CREATION/PRODUCTION CREDITS NOTE
Creation/production credits note Original music, Chris Michie.
500 ## - GENERAL NOTE
General note Originally released in 2004.
521 8# - TARGET AUDIENCE NOTE
Target audience note MPAA rating: Not rated.
520 ## - SUMMARY, ETC.
Summary, etc Follow the ups and downs of a flock of wild urban parrots within the green niches of San Francisco. Along the way meet unforgettable characters like Picasso and Sophie, the inseparable parrot lovers, and Connor, the lovable outcast of the flock.
500 ## - GENERAL NOTE
General note Special features: Homage to Connor ; Mingus at the Oasis; Parrots music video; Mark Bittner's home movies; flock updates; deleted scenes; theatrical trailer; California quail bonus short.
506 ## - RESTRICTIONS ON ACCESS NOTE
Terms governing access Restricted to home use or face to face teaching.
546 ## - LANGUAGE NOTE
Language note Closed-captioned.
650 #0 - SUBJECT ADDED ENTRY--TOPICAL TERM
Topical term or geographic name as entry element Parrots
Geographic subdivision California
-- San Francisco.
9 (RLIN) 6513643
650 #0 - SUBJECT ADDED ENTRY--TOPICAL TERM
Topical term or geographic name as entry element Animal populations
Geographic subdivision California
-- San Francisco.
9 (RLIN) 6513644
655 #0 - INDEX TERM--GENRE/FORM
Genre/form data or focus term Documentary films.
9 (RLIN) 6221045
655 #7 - INDEX TERM--GENRE/FORM
Genre/form data or focus term Documentary
Form subdivision Feature.
Source of term migfg
9 (RLIN) 5698256
700 1# - ADDED ENTRY--PERSONAL NAME
Personal name Irving, Judy.
9 (RLIN) 6221046
700 1# - ADDED ENTRY--PERSONAL NAME
Personal name Bittner, Mark.
9 (RLIN) 6221047
710 2# - ADDED ENTRY--CORPORATE NAME
Corporate name or jurisdiction name as entry element Pelican Media.
9 (RLIN) 6221048
710 2# - ADDED ENTRY--CORPORATE NAME
Corporate name or jurisdiction name as entry element Shadow Distribution (Firm)
9 (RLIN) 6221049
710 2# - ADDED ENTRY--CORPORATE NAME
Corporate name or jurisdiction name as entry element Docurama (Firm)
9 (RLIN) 58645
710 2# - ADDED ENTRY--CORPORATE NAME
Corporate name or jurisdiction name as entry element New Video Group.
9 (RLIN) 61680
938 ## -
-- Baker and Taylor
-- BTCP
-- be2005025805
938 ## -
-- YBP Library Services
-- YANK
-- 2721786
938 ## -
-- Quality Books, Inc.
-- QUAL
-- qbi06000381
942 ## - ADDED ENTRY ELEMENTS (KOHA)
Koha item type DVD
994 ## -
-- C0
-- UINTA
998 ## - LOCAL CONTROL INFORMATION (RLIN)
-- a143082
Holdings
Withdrawn status Lost status Source of classification or shelving scheme Damaged status Not for loan Collection code Home library Current library Shelving location Date acquired Source of acquisition Cost, normal purchase price Total Checkouts Total Renewals Full call number Barcode Date last seen Date checked out Cost, replacement price Price effective from Koha item type
    Dewey Decimal Classification     Movies Wasatch County Library Wasatch County Library Audio Visual Area 04/07/2008 Amazon 17.95 39 4 DVD 636.6 Wil 34301000720765 03/07/2024 01/20/2023 17.95 03/20/2020 DVD
This project was made possible through a grant from the Institute of Museum and Library Service administered by the Utah State Library Division.

Wasatch County Library

  • 465 East 1200 South, Heber City, Utah 84032
  • Phone 435-654-1511 | Fax 435-654-6456

Hours

  • Monday - Friday 9:30 AM - 8:00 PM
  • Saturday 9:30 AM - 1:30 PM
  • Closed Sundays and Holidays